000 00463nam a22001817a 4500
003 MPLRDC
005 20220104124039.0
008 210129b ||||| |||| 00| 0 eng d
082 _a889 LMSJ v.861
100 _a玛德兰. 柯尔
245 _a折翼的天使
_c含楚译
250 _a初版
260 _a
_b骏马文化公司
_c1988
300 _b
490 _a罗曼史集. 861
650 _a西洋小说之中文翻译
942 _cBK
_o889 LMSJ v.861
999 _c16224
_d16214